| 000 | 00646nam a2200205 4500 | ||
|---|---|---|---|
| 010 | _a095897 | ||
| 035 | _a095897 | ||
| 037 | _bCen Lib / Ret | ||
| 040 |
_aDPL _bEN |
||
| 082 |
_a250 _bCHI |
||
| 110 | _b Chinese Buddhist Association. | ||
| 245 |
_aBuddhists in new China / _cby Chinese Buddhist Association. |
||
| 260 |
_aPeking _bNationalities Pub. House _c1956 |
||
| 270 |
_aNationalities Pub. House _bPeking |
||
| 300 |
_a189p ; _bill : _c27cm(Hb) |
||
| 650 | _aBuddhism -- China. | ||
| 650 | _aMonasticism and religious orders -- China. | ||
| 650 | _aMonasteries -- China -- Views. | ||
| 942 |
_2ddc _cEN _h250 _mCHI |
||
| 999 |
_c136932 _d136932 |
||